000 00988nam a2200277 a 4500
001 000030395
003 DO-SdBNP
005 20250924073803.0
007 ta
008 110516s1979 dr 000 0 spa d
040 _aDO-SdBNP
_bspa
_cBNPHU
082 _bC397
_222
245 0 0 _aCentro de Estudios de la Realidad Social Dominicana (CERESD) :
_bprimeros trabajos /
_cdirector Luis Gómez.
246 1 2 _aCERESD III
264 _aSanto Domingo :
_bUniversidad Autónoma de Santo Domingo :,
_c1979.
300 _a162 p. ;
_c22 cm.
336 _2rdacontent
_atexto
_btxt
337 _2rdamedia
_asin mediación
_bn
338 _2rdacarrier
_avolumen
_bnc
490 1 _aPublicaciones de la Universidad Autónoma de Santo Domingo
_vv. 277
490 1 _aUniversidad y planificación
_vv. 5
700 1 _aGómez, Luis
_99238
830 _aPublicaciones de la Universidad Autónoma de Santo Domingo
_vv. 277
_952
830 0 _aUniversidad y planificación ;
_nno. 5
_957028
942 _2ddc
_cLBS1
999 _c29887
_d29887